MARC

LEADER 00000nam0a2200000 4500
001 678337
005 20250127145817.0
090 |a 678337 
100 |a 20250127d1978 k||y0rusy50 ca 
101 0 |a rus 
102 |a RU 
105 |a a z 001yy 
181 0 |a i   |b  e  
182 0 |a n 
183 0 |a nc  |2 RDAcarrier 
200 1 |a Математические методы решения прогнозных задач нефтяной геологии  |e сборник научных трудов  |f Институт геологии и геофизики СО АН СССР 
203 |a Текст  |b визуальный  |c непосредственный 
210 |a Новосибирск  |c [Б. и.]  |d 1978 
215 |a 152 с.  |c ил. 
283 |a volume  |2 RDAcarrier 
320 |a Литература в конце статей 
606 1 |a Нефтяные месторождения  |x Геология  |9 65141 
610 1 |a нефтяная геология 
610 1 |a прогнозные задачи 
610 1 |a решение 
610 1 |a логико-математические методы 
610 1 |a газовые месторождения 
610 1 |a разведка 
610 1 |a поисково-разведочные работы 
610 1 |a эксплуатация 
675 |a 553.982  |v 4 
712 0 2 |a Академия наук СССР  |b Сибирское отделение  |b Институт геологии и геофизики  |c (Новосибирск)  |c (1957-1990)  |4 570  |9 23211 
801 0 |a RU  |b 63413507  |c 20250127 
830 |a Ретро2025Каталогизация Шило 
850 |a 63413507 
942 |c BK